000 01238nac a22002651i 4500
003 EG-ScBUE
005 20240715110207.0
008 120827q19uu ua f 000 0aara d
040 _aEG-ScBUE
_bara
_erda
_cEG-ScBUE
_dEG-ScBUE
043 _af-ua---
082 0 4 _a962.053
_bع ب د
_222
100 1 _aعبد الناصر، جمال،
_d1918-1970،
_eمؤلف.
_921925
245 1 0 _aحديث البطل الزعيم جمال عبد الناصر إلى الأمة.
264 1 _aالقاهرة :
_bمؤسسة دار التحرير للطبع والنشر،
_c[19--؟]
300 _a5 أجزاء في 3 مجلدات ؛
_c30 سم.
336 _2rdacontent
_aنص
_btxt
337 _aبدون وسيط
_2rdamedia
_bn
338 _aمجلد
_bnc
_2rdacarrier
490 0 _aكتاب التحرير ؛
_vالعدد 1
505 0 _aالجزء الأول. 1952-1954 -- الجزء الثاني. 1955-1957 -- الجزء الثالث. 1958-1960 -- الجزء الرابع. 1961-1963 -- الجزء الخامس. 1964-1966.
600 1 7 _aعبد الناصر، جمال،
_d1918-1970.
_2BUEsh
651 7 _2BUEsh
_a‪مصر
_xتاريخ
_yالعصر الحديث
_y‪جمال عبد الناصر (1954-1970).
655 _vReading book
942 _cBB
_2ddc
999 _c7422
_d7422